[Event "Midland Ch Forrest Cup"]
[Site "Derby"]
[Date "1995.03.24"]
[Round "1"]
[White "Barton, R Alan"]
[Black "Dyce, Andrew"]
[Result "0-1"]
[WhiteElo "2024"]
[BlackElo "1960"]
[PlyCount "132"]
[EventDate "1995.03.24"]
[EventType "swiss"]
[EventRounds "6"]
[EventCountry "ENG"]
[SourceTitle "BritBase"]
[Source "John Saunders"]
[SourceDate "2022.11.28"]
[SourceVersion "1"]
[SourceVersionDate "2022.08.23"]
[SourceQuality "1"]

1. d4 Nf6 2. Nf3 e6 3. Bg5 c5 4. c3 Qb6 5. Qb3 Nc6 6. Bxf6 gxf6 7. e3 cxd4 8.
Qxb6 axb6 9. Nxd4 Nxd4 10. exd4 d6 11. Nd2 Kd8 12. Be2 Bd7 13. O-O h5 14. h4
Be7 15. g3 f5 16. f4 Bc6 17. Kh2 Kc7 18. a3 b5 19. Rfe1 e5 20. Bf3 Bxf3 21.
Nxf3 e4 22. Nd2 d5 23. Nf1 Kd6 24. Ra2 Ke6 25. Rea1 Ra6 26. Ne3 Rg8 27. b3 Rc8
28. Nd1 Rca8 29. a4 bxa4 30. Rxa4 Rxa4 31. Rxa4 Rxa4 32. bxa4 Ba3 33. Kg2 Bc1
34. Kf2 Kd6 35. Ke2 Kc6 36. Nf2 Kb6 37. Kd1 Be3 38. Nh3 f6 39. Ke2 Bc1 40. Kd1
Ba3 41. Kc2 Ka5 42. Kb3 e3 43. Ng1 Bc1 44. Ne2 Bd2 45. Ka3 Be1 46. Kb3 b5 47.
axb5 Kxb5 48. Kb2 Kc4 49. Kc2 Bd2 50. Kd1 Bxc3 51. Kc2 Bxd4 52. Nc1 Bc5 53. Kd1
Ba3 54. Ne2 d4 55. Ng1 d3 56. Nf3 Kd5 57. Ng1 Ke4 58. Ke1 Bb4+ 59. Kd1 e2+ 60.
Nxe2 dxe2+ 61. Kxe2 Bc5 62. Kf1 Kf3 63. Ke1 Kxg3 64. Kf1 Kxf4 65. Kg2 Kg4 66.
Kh2 Kxh4 0-1

[Event "Midland Ch Forrest Cup"]
[Site "Derby"]
[Date "1995.03.24"]
[Round "1"]
[White "Chue, Kah-Loong"]
[Black "Nelson, Jonathan P"]
[Result "1-0"]
[WhiteElo "2288"]
[BlackElo "2240"]
[PlyCount "148"]
[EventDate "1995.03.24"]
[EventType "swiss"]
[EventRounds "6"]
[EventCountry "ENG"]
[SourceTitle "BritBase"]
[Source "John Saunders"]
[SourceDate "2022.11.28"]
[SourceVersion "1"]
[SourceVersionDate "2022.08.23"]
[SourceQuality "1"]

1. d4 Nf6 2. Nf3 g6 3. g3 Bg7 4. Bg2 O-O 5. O-O d6 6. c3 Nbd7 7. Qc2 e5 8. e4
Re8 9. dxe5 dxe5 10. Nbd2 b6 11. Nc4 Bb7 12. Re1 a5 13. Bd2 b5 14. Na3 c6 15.
Rad1 Qc7 16. h3 Bf8 17. Nb1 c5 18. Nh2 c4 19. Be3 Nc5 20. Bxc5 Bxc5 21. Nd2
Rad8 22. a4 Rd3 23. axb5 Bxf2+ 24. Kxf2 Qc5+ 25. Kf1 Nh5 26. Bf3 Nxg3+ 27. Kg2
Nh5 28. Bxh5 gxh5 29. Ndf3 f5 30. Rxd3 cxd3 31. Qb3+ Kh8 32. Qf7 Rg8+ 33. Kf1
Bxe4 34. Qf6+ Rg7 35. Qxe5 Qxe5 36. Nxe5 Rg2 37. Nhf3 Rxb2 38. c4 a4 39. Ra1
Rb4 40. Ke1 Bxf3 41. Nxf3 Rxc4 42. Kd2 Rb4 43. Kxd3 Rxb5 44. Rxa4 Rb3+ 45. Ke2
Kg7 46. Ra6 Rc3 47. Kf2 Rb3 48. Kg3 Rb4 49. Ng5 h4+ 50. Kg2 Rb2+ 51. Kf3 Rh2
52. Ke3 Rg2 53. Ne6+ Kf7 54. Nf4 Rg1 55. Ra7+ Kg8 56. Kf2 Rg5 57. Ra6 Rg3 58.
Rf6 Rb3 59. Rxf5 Kg7 60. Ra5 Rc3 61. Ra6 Rb3 62. Kg2 Rc3 63. Nh5+ Kf7 64. Rf6+
Kg8 65. Rf3 Rc2+ 66. Kf1 Rc5 67. Nf6+ Kg7 68. Ne4 Re5 69. Rf4 Ra5 70. Rxh4 Ra2
71. Nf2 Rb2 72. Kg2 Ra2 73. Rd4 Rb2 74. Kg3 Rb3+ {"White won eventually" 
(bulletin)} 1-0

[Event "Midland Ch Forrest Cup"]
[Site "Derby"]
[Date "1995.03.24"]
[Round "1"]
[White "Gamble, Raymond J"]
[Black "Arkell, Keith C"]
[Result "1/2-1/2"]
[WhiteElo "2016"]
[BlackElo "2488"]
[PlyCount "133"]
[EventDate "1995.03.24"]
[EventType "swiss"]
[EventRounds "6"]
[EventCountry "ENG"]
[SourceTitle "BritBase"]
[Source "John Saunders"]
[SourceDate "2022.11.28"]
[SourceVersion "1"]
[SourceVersionDate "2022.08.23"]
[SourceQuality "1"]

1. d4 d5 2. Nf3 Nf6 3. e3 c5 4. c3 Nc6 5. Bd3 Bg4 6. h3 Bxf3 7. Qxf3 e6 8. Nd2
cxd4 9. exd4 Be7 10. Nb3 O-O 11. Bf4 a6 12. O-O b5 13. a3 Na5 14. Nxa5 Qxa5 15.
g4 g6 16. Bg5 Kg7 17. Qf4 Rfc8 18. h4 Qc7 19. Qf3 Ng8 20. Bf4 Bd6 21. Bd2 Qd8
22. Bg5 Be7 23. Bxe7 Qxe7 24. Qg3 Qc7 25. f4 Nf6 26. Qg2 h5 27. g5 Ne8 28. Qe2
Rab8 29. a4 Nd6 30. axb5 axb5 31. Qe5+ Kg8 32. Bxg6 fxg6 33. Qxe6+ Kh7 34. Ra6
Rd8 35. f5 gxf5 36. Qh6+ Kg8 37. Re1 Re8 38. Rxe8+ Nxe8 39. Qe6+ Qf7 40. Qe5
Rd8 41. Re6 Ng7 42. Re7 Qf8 43. g6 f4 44. Rf7 f3 45. Rxf8+ Rxf8 46. Qxd5+ Kh8
47. Kf2 Nf5 48. Qe5+ Kg8 49. d5 Nh6 50. Qe7 Ng4+ 51. Kg3 Nf6 52. Qe6+ Kg7 53.
Kxf3 Kxg6 54. Kg2 Re8 55. Qc6 Re2+ 56. Kf3 Rxb2 57. d6 Rd2 58. Qxb5 Rxd6 59. c4
Rd3+ 60. Ke2 Rd4 61. c5 Rxh4 62. c6 Rh2+ 63. Kf1 Rh1+ 64. Kg2 Rc1 65. Qd3+ Kf7
66. Qb3+ Kg6 67. Qg3+ 1/2-1/2

[Event "Midland Ch Forrest Cup"]
[Site "Derby"]
[Date "1995.03.24"]
[Round "1"]
[White "Gill, Jas"]
[Black "Jackson, Oliver A"]
[Result "0-1"]
[WhiteElo "1656"]
[BlackElo "2128"]
[PlyCount "60"]
[EventDate "1995.03.24"]
[EventType "swiss"]
[EventRounds "6"]
[EventCountry "ENG"]
[SourceTitle "BritBase"]
[Source "John Saunders"]
[SourceDate "2022.11.28"]
[SourceVersion "1"]
[SourceVersionDate "2022.08.23"]
[SourceQuality "1"]

1. e4 e5 2. Nf3 d5 3. exd5 e4 4. Qe2 Nf6 5. Nc3 Be7 6. Nxe4 Nxd5 7. d4 O-O 8.
Bd2 Nc6 9. O-O-O Bf5 10. h3 Ndb4 11. Bxb4 Nxb4 12. a3 Nd5 13. g4 Bg6 14. Ne5 c6
15. Nxg6 hxg6 16. Kb1 Re8 17. Qd2 Bxa3 18. Ng5 Qb6 19. c3 Bxb2 20. Qxb2 Nxc3+
21. Kc2 Qxb2+ 22. Kxb2 Nxd1+ 23. Kb3 Nxf2 24. Rh2 Re3+ 25. Kc4 b5+ 26. Kc5 Ne4+
27. Nxe4 Rxe4 28. Rd2 Re1 29. Bg2 Rc8 30. Rc2 Re6 {"Black won eventually" 
(bulletin)} 0-1

[Event "Midland Ch Forrest Cup"]
[Site "Derby"]
[Date "1995.03.24"]
[Round "1"]
[White "Hibbard, Carl P"]
[Black "Barnes, Michael H"]
[Result "0-1"]
[WhiteElo "1912"]
[BlackElo "2208"]
[PlyCount "60"]
[EventDate "1995.03.24"]
[EventType "swiss"]
[EventRounds "6"]
[EventCountry "ENG"]
[SourceTitle "BritBase"]
[Source "John Saunders"]
[SourceDate "2022.11.28"]
[SourceVersion "1"]
[SourceVersionDate "2022.08.23"]
[SourceQuality "1"]

1. e4 e5 2. Bc4 Nf6 3. d3 Nc6 4. Nf3 Be7 5. O-O O-O 6. Re1 d6 7. Nbd2 Na5 8.
Bb3 Nxb3 9. axb3 Ne8 10. d4 exd4 11. Nxd4 d5 12. e5 c5 13. N4f3 Nc7 14. Nf1 f5
15. Qe2 Be6 16. Bd2 g5 17. Red1 f4 18. Ra5 b6 19. Ra4 Qe8 20. g3 b5 21. Ba5
bxa4 22. Bxc7 axb3 23. cxb3 Rc8 24. Bd6 Bxd6 25. exd6 Bg4 26. Qxe8 Rcxe8 27. d7
Rd8 28. Rd3 fxg3 29. Ne5 gxf2+ 30. Kg2 Bxd7 0-1

[Event "Midland Ch Forrest Cup"]
[Site "Derby"]
[Date "1995.03.24"]
[Round "1"]
[White "Ledger, Andrew J"]
[Black "Newton, Robert"]
[Result "1-0"]
[WhiteElo "2336"]
[BlackElo "2008"]
[PlyCount "111"]
[EventDate "1995.03.24"]
[EventType "swiss"]
[EventRounds "6"]
[EventCountry "ENG"]
[SourceTitle "BritBase"]
[Source "John Saunders"]
[SourceDate "2022.11.28"]
[SourceVersion "1"]
[SourceVersionDate "2022.08.23"]
[SourceQuality "1"]

1. c4 Nf6 2. Nc3 g6 3. g3 Bg7 4. Bg2 c6 5. Nf3 d5 6. cxd5 cxd5 7. d4 Nc6 8. Ne5
O-O 9. O-O e6 10. Nxc6 bxc6 11. Bf4 Nh5 12. Be3 f5 13. Qd2 f4 14. Bxf4 Nxf4 15.
gxf4 Qh4 16. e3 Ba6 17. Rfc1 Bh6 18. Nd1 Rac8 19. Rc3 Rc7 20. Qc2 Rfc8 21. b4
Bf8 22. Rb1 Bd6 23. a4 g5 24. b5 cxb5 25. axb5 gxf4 26. bxa6 fxe3 27. Rxc7
exf2+ 28. Nxf2 Bxc7 29. Qe2 Bxh2+ 30. Kf1 Rf8 31. Qxe6+ Kh8 32. Qe3 Bg3 33. Rb2
Qg4 34. Bxd5 Qh3+ 35. Bg2 Qg4 36. Kg1 Qh4 37. Nh3 Bd6 38. Rf2 Rb8 39. Rf1 Rg8
40. Kh1 Bb8 41. Qf2 Qg4 42. Re1 Qg6 43. d5 Qg7 44. Re6 Rf8 45. Qe3 Bg3 46. Re8
Qa1+ 47. Ng1 Bd6 48. Rxf8+ Bxf8 49. Qxa7 Qe5 50. Qd7 Bd6 51. Qh3 Bb8 52. a7
Bxa7 53. Qc8+ Kg7 54. Qb7+ Kf6 55. Qxa7 h5 56. Qh7 1-0

[Event "Midland Ch Forrest Cup"]
[Site "Derby"]
[Date "1995.03.24"]
[Round "1"]
[White "Mason, Donald"]
[Black "Sudar, Dragoljub"]
[Result "1-0"]
[WhiteElo "2144"]
[BlackElo "1696"]
[PlyCount "39"]
[EventDate "1995.03.24"]
[EventType "swiss"]
[EventRounds "6"]
[EventCountry "ENG"]
[SourceTitle "BritBase"]
[Source "John Saunders"]
[SourceDate "2022.11.28"]
[SourceVersion "1"]
[SourceVersionDate "2022.08.23"]
[SourceQuality "1"]

1. c4 Nf6 2. Nc3 e6 3. e4 Nc6 4. Nf3 d5 5. exd5 exd5 6. cxd5 Nxd5 7. d4 Bb4 8.
Bd2 O-O 9. Be2 Bg4 10. O-O Re8 11. Re1 Nf6 12. Qb3 Bxf3 13. Bxf3 Rxe1+ 14. Bxe1
Nxd4 15. Qxb4 Nc2 16. Qxb7 Rb8 17. Rd1 Qe8 18. Qxa7 Nxe1 19. Bc6 Nf3+ 20. gxf3
1-0

[Event "Midland Ch Forrest Cup"]
[Site "Derby"]
[Date "1995.03.24"]
[Round "1"]
[White "Nohre, Hakan VP"]
[Black "Preston, William"]
[Result "1-0"]
[WhiteElo "2024"]
[BlackElo "1248"]
[PlyCount "77"]
[EventDate "1995.03.24"]
[EventType "swiss"]
[EventRounds "6"]
[EventCountry "ENG"]
[SourceTitle "BritBase"]
[Source "John Saunders"]
[SourceDate "2022.11.28"]
[SourceVersion "1"]
[SourceVersionDate "2022.08.23"]
[SourceQuality "1"]

1. e4 d5 2. exd5 Nf6 3. Nc3 e5 4. dxe6 Bxe6 5. Nf3 Bc5 6. d4 Bd6 7. Bg5 Nbd7 8.
Bd3 h6 9. Bh4 g5 10. Bg3 Bb4 11. O-O Bxc3 12. bxc3 Nh5 13. Re1 O-O 14. Ne5 Ndf6
15. c4 Nxg3 16. hxg3 g4 17. Qd2 Kg7 18. d5 Bd7 19. Rab1 Qc8 20. Nxd7 Qxd7 21.
Rxb7 Rfb8 22. Rb3 a5 23. Rxb8 Rxb8 24. Qxa5 h5 25. Qd2 Nh7 26. Bxh7 Kxh7 27.
Qg5 Rg8 28. Qe7 Qf5 29. Qe4 Kg6 30. Qxf5+ Kxf5 31. Re7 Kf6 32. Rxc7 Ra8 33. d6
Rxa2 34. Kf1 Rxc2 35. c5 Ke6 36. d7 Rd2 37. c6 f5 38. Rc8 Ke7 39. Re8+ 1-0

[Event "Midland Ch Forrest Cup"]
[Site "Derby"]
[Date "1995.03.24"]
[Round "1"]
[White "Phillips, Alan"]
[Black "Baker, Chris W"]
[Result "0-1"]
[WhiteElo "2016"]
[BlackElo "2320"]
[PlyCount "70"]
[EventDate "1995.03.24"]
[EventType "swiss"]
[EventRounds "6"]
[EventCountry "ENG"]
[SourceTitle "BritBase"]
[Source "John Saunders"]
[SourceDate "2022.11.28"]
[SourceVersion "1"]
[SourceVersionDate "2022.08.23"]
[SourceQuality "1"]

1. c3 Nf6 2. d4 g6 3. Nf3 Bg7 4. h3 O-O 5. Bf4 d6 6. Nbd2 Nbd7 7. e4 e6 8. Bd3
Qe7 9. O-O e5 10. Bh2 Nh5 11. Re1 Nf4 12. Bf1 Nb6 13. Qc2 g5 14. a4 a5 15. dxe5
dxe5 16. Bxf4 gxf4 17. Nc4 Nd7 18. Rad1 Nc5 19. Ncd2 Kh8 20. Nb3 Nxa4 21. Ra1
Bd7 22. Red1 Bc6 23. Bc4 Nb6 24. Bd5 a4 25. Nc1 Nxd5 26. exd5 Bd7 27. Re1 Rae8
28. Ne2 Qf6 29. h4 h6 30. Qe4 Qd6 31. h5 f5 32. Qc2 Bf6 33. Qd2 Rg8 34. c4 Re7
35. Rac1 b6 0-1

[Event "Midland Ch Forrest Cup"]
[Site "Derby"]
[Date "1995.03.24"]
[Round "1"]
[White "Rayner, Francis"]
[Black "Edwards, Simon R"]
[Result "1/2-1/2"]
[WhiteElo "2152"]
[BlackElo "1856"]
[PlyCount "83"]
[EventDate "1995.03.24"]
[EventType "swiss"]
[EventRounds "6"]
[EventCountry "ENG"]
[SourceTitle "BritBase"]
[Source "John Saunders"]
[SourceDate "2022.11.28"]
[SourceVersion "1"]
[SourceVersionDate "2022.08.23"]
[SourceQuality "1"]

1. e4 e5 2. Nf3 Nc6 3. Bb5 Nge7 4. c3 g6 5. d4 exd4 6. cxd4 d5 7. exd5 Qxd5 8.
Nc3 Qe6+ 9. Be2 Bg7 10. O-O Qd7 11. d5 Nb4 12. Bb5 c6 13. d6 Ned5 14. Re1+ Kf8
15. Nxd5 Nxd5 16. Qxd5 cxd5 17. Bxd7 Bxd7 18. Re7 Bc6 19. Ng5 Re8 20. Rxf7+ Kg8
21. Re7 Rxe7 22. dxe7 Bf6 23. Bf4 Bxe7 24. Nf3 Bf6 25. Be5 Kg7 26. Bxf6+ Kxf6
27. Rd1 Re8 28. Nd4 Ke7 29. f3 Kd6 30. Kf2 Re7 31. Rd2 Kc5 32. Nb3+ Kd6 33. Re2
Rc7 34. Nd4 Bd7 35. Rc2 Bc6 36. h4 Rf7 37. g3 Bd7 38. Re2 a6 39. Ke3 Rf8 40.
Kd2 Rf7 41. Re3 Rf8 42. Rc3 1/2-1/2

[Event "Midland Ch Forrest Cup"]
[Site "Derby"]
[Date "1995.03.24"]
[Round "1"]
[White "Sagall, Roy"]
[Black "Kirby, Peter J"]
[Result "1-0"]
[WhiteElo "2104"]
[BlackElo "1448"]
[PlyCount "53"]
[EventDate "1995.03.24"]
[EventType "swiss"]
[EventRounds "6"]
[EventCountry "ENG"]
[SourceTitle "BritBase"]
[Source "John Saunders"]
[SourceDate "2022.11.28"]
[SourceVersion "1"]
[SourceVersionDate "2022.08.23"]
[SourceQuality "1"]

1. d4 d5 2. Nf3 Nf6 3. e3 e6 4. Bd3 c5 5. c3 Nc6 6. Nbd2 Bd7 7. O-O Be7 8. Qe2
O-O 9. dxc5 Bxc5 10. e4 dxe4 11. Nxe4 Nxe4 12. Qxe4 f5 13. Qe2 Qc7 14. Kh1 Bd6
15. h3 Rae8 16. Bc4 Na5 17. Bb5 Bxb5 18. Qxb5 a6 19. Qe2 Qc4 20. Qxc4 Nxc4 21.
b3 Na5 22. Rd1 Rd8 23. Bg5 Rd7 24. Ne5 Bxe5 25. Rxd7 Bxc3 26. Rc1 Bb4 27. Rcc7
1-0

[Event "Midland Ch Forrest Cup"]
[Site "Derby"]
[Date "1995.03.24"]
[Round "1"]
[White "Southall, Andrew C"]
[Black "Gilmore, Simon N"]
[Result "1-0"]
[WhiteElo "2216"]
[BlackElo "1912"]
[PlyCount "128"]
[EventDate "1995.03.24"]
[EventType "swiss"]
[EventRounds "6"]
[EventCountry "ENG"]
[SourceTitle "BritBase"]
[Source "John Saunders"]
[SourceDate "2022.11.28"]
[SourceVersion "1"]
[SourceVersionDate "2022.08.23"]
[SourceQuality "1"]

1. e4 c6 2. d4 d5 3. e5 c5 4. dxc5 Nc6 5. Bb5 e6 6. b4 Bd7 7. Bxc6 Bxc6 8. a4
a5 9. b5 Bd7 10. Ba3 Qc7 11. Nf3 Bxc5 12. O-O Ne7 13. Nbd2 Rc8 14. Bxc5 Qxc5
15. Nb3 Qb4 16. Nfd4 O-O 17. Qe1 Qxe1 18. Rfxe1 b6 19. Nd2 Rc3 20. Re3 Rxe3 21.
fxe3 Nf5 22. Ra3 Rc8 23. c4 dxc4 24. Rc3 Rc5 25. N4f3 Bc8 26. e4 Ne7 27. Rxc4
Bb7 28. Rd4 $18 Ng6 29. Rd8+ (29. Nc4 $18) 29... Nf8 30. Rb8 $6 Rc7 31. Rd8 Rd7
32. Rxd7 $2 Nxd7 $15 33. Kf2 Nc5 34. Ke3 Nxa4 35. Nc4 h6 36. Nfd2 Kf8 37. Kd4
f5 38. exf5 Bxg2 39. fxe6 Ke7 40. Nd6 Kxe6 41. N2c4 g6 42. Ne3 Bf3 43. Nec4 g5
44. Ne3 h5 45. Nef5 Bg4 46. Ne3 Bf3 47. Nef5 Bg4 48. Ng3 Nc5 49. Nc4 Nd7 50.
Ne4 Kf5 51. Ne3+ Kg6 $2 52. Nxg4 hxg4 53. e6 (53. Kd5 $18) 53... Nf6 54. Nd6
Ng8 55. Nc8 ({In view of the inexplicable play of the next few moves, I'm
wondering if the game actually continued} 55. Nc4 Kf6 {- a mistake but an
understandable one -} 56. Kd5 Ne7+ 57. Kd6 Nc8+ 58. Kd7 a4 59. Nd6 Ne7 {
, reaching the position given in the score but with fewer obvious blunders})
55... Kf6 56. Kd5 $4 Ne7+ 57. Kd6 a4 $4 (57... Nxc8+ {is a ridiculously easy
win for Black, which suggests that there may be an error in the score
somewhere. Even more so, the four consecutive double question mark moves which
follow. See possible reconstruction given in the above note.}) 58. Kd7 $4 Nd5
$4 59. Nd6 $4 Ne7 $4 60. Ne4+ Kg7 61. Kxe7 a3 62. Kd6 a2 63. e7 a1=Q 64. e8=Q
Qh1 {"White won eventually" (bulletin). I've a strong feeling the score may be
wrong somewhere - JS} 1-0

[Event "Midland Ch Forrest Cup"]
[Site "Derby"]
[Date "1995.03.24"]
[Round "1"]
[White "Wagenbach, Janos J"]
[Black "Ledger, Stephen C"]
[Result "0-1"]
[WhiteElo "1784"]
[BlackElo "2144"]
[PlyCount "92"]
[EventDate "1995.03.24"]
[EventType "swiss"]
[EventRounds "6"]
[EventCountry "ENG"]
[SourceTitle "BritBase"]
[Source "John Saunders"]
[SourceDate "2022.11.28"]
[SourceVersion "1"]
[SourceVersionDate "2022.08.23"]
[SourceQuality "1"]

1. d4 Nf6 2. g3 d5 3. Bg2 Bf5 4. Nf3 e6 5. O-O Bd6 6. c4 c6 7. b3 Qe7 8. Bb2
Nbd7 9. Nbd2 h6 10. Ne5 O-O 11. a3 Rad8 12. b4 Bb8 13. cxd5 exd5 14. Nxd7 Qxd7
15. Qb3 Rfe8 16. e3 Nh7 17. Rac1 Ng5 18. f4 Nh7 19. Rc3 a6 20. Qd1 Nf6 21. Nb3
Ba7 22. Bc1 Re7 23. Bd2 Rde8 24. Re1 Be4 25. Bf1 Bg6 26. Bg2 Ne4 27. Bxe4 Bxe4
28. Qh5 Kh7 29. Rf1 g6 30. Qe2 Qh3 31. Rf2 h5 32. Qf1 Qf5 33. h3 Rg8 34. Kh2 f6
35. Rc1 g5 36. Rc3 Qg6 37. f5 Qh6 38. Be1 Bb8 39. Nc5 h4 40. Nxe4 Rxe4 41. Re2
g4 42. hxg4 hxg3+ 43. Kg2 Rgxg4 44. Qg1 Rh4 45. Bxg3 Bxg3 46. Kxg3 Reg4+ 0-1

[Event "Midland Ch Forrest Cup"]
[Site "Derby"]
[Date "1995.03.25"]
[Round "2"]
[White "Arkell, Keith C"]
[Black "Toscano, John"]
[Result "1-0"]
[WhiteElo "2488"]
[BlackElo "1936"]
[PlyCount "31"]
[EventDate "1995.03.24"]
[EventType "swiss"]
[EventRounds "6"]
[EventCountry "ENG"]
[SourceTitle "BritBase"]
[Source "John Saunders"]
[SourceDate "2022.11.28"]
[SourceVersion "1"]
[SourceVersionDate "2022.08.23"]
[SourceQuality "1"]

1. d4 e6 2. c4 b6 3. d5 Bb7 4. a3 f5 5. Nc3 Nf6 6. Nf3 Be7 7. g3 O-O 8. Bg2 Na6
9. O-O Nc5 10. Nd4 Nfe4 11. Nxe4 fxe4 12. b4 Bf6 13. bxc5 bxc5 14. Rb1 Bxd4 15.
Rxb7 exd5 16. e3 1-0

[Event "Midland Ch Forrest Cup"]
[Site "Derby"]
[Date "1995.03.25"]
[Round "2"]
[White "Baker, Chris W"]
[Black "Mason, Donald"]
[Result "1-0"]
[WhiteElo "2320"]
[BlackElo "2144"]
[PlyCount "57"]
[EventDate "1995.03.24"]
[EventType "swiss"]
[EventRounds "6"]
[EventCountry "ENG"]
[SourceTitle "BritBase"]
[Source "John Saunders"]
[SourceDate "2022.11.28"]
[SourceVersion "1"]
[SourceVersionDate "2022.08.23"]
[SourceQuality "1"]

1. e4 e6 2. Nc3 d5 3. Nf3 d4 4. Ne2 c5 5. c3 Nf6 6. Ng3 Nc6 7. cxd4 cxd4 8. Qa4
Be7 9. b4 Nd7 10. a3 O-O 11. Bb5 Nb6 12. Qb3 e5 13. Bxc6 bxc6 14. Nxe5 Be6 15.
Qc2 Rc8 16. Nxc6 Rxc6 17. Qxc6 Bc4 18. Bb2 Bf6 19. d3 Bxd3 20. Rd1 Bc4 21. f4
Qb8 22. e5 Rc8 23. Qd6 Qb7 24. Qxd4 Qxg2 25. Rd2 Qf3 26. Qe4 Qxe4+ 27. Nxe4
Bh4+ 28. Ng3 Bd5 29. O-O 1-0

[Event "Midland Ch Forrest Cup"]
[Site "Derby"]
[Date "1995.03.25"]
[Round "2"]
[White "Barnes, Michael H"]
[Black "Sagall, Roy"]
[Result "1-0"]
[WhiteElo "2208"]
[BlackElo "2104"]
[PlyCount "53"]
[EventDate "1995.03.24"]
[EventType "swiss"]
[EventRounds "6"]
[EventCountry "ENG"]
[SourceTitle "BritBase"]
[Source "John Saunders"]
[SourceDate "2022.11.28"]
[SourceVersion "1"]
[SourceVersionDate "2022.08.23"]
[SourceQuality "1"]

1. e4 c5 2. Nf3 d6 3. d4 cxd4 4. Nxd4 Nf6 5. Nc3 a6 6. g3 e6 7. Bg2 Be7 8. O-O
Nc6 9. Nxc6 bxc6 10. e5 Nd5 11. exd6 Qxd6 12. Ne4 Qc7 13. Qg4 g6 14. Qe2 O-O
15. c4 Nb6 16. h4 Nd7 17. Ng5 e5 18. f4 Bc5+ 19. Kh1 exf4 20. Bxf4 Qb6 21. Rad1
Nf6 22. Bd6 Nh5 23. Kh2 Bxd6 24. Rxd6 Qc7 25. c5 Bb7 26. Qd3 Rad8 27. Rxf7 1-0

[Event "Midland Ch Forrest Cup"]
[Site "Derby"]
[Date "1995.03.25"]
[Round "2"]
[White "Cooper, David M"]
[Black "Gamble, Raymond J"]
[Result "0-1"]
[WhiteElo "1888"]
[BlackElo "2016"]
[PlyCount "66"]
[EventDate "1995.03.24"]
[EventType "swiss"]
[EventRounds "6"]
[EventCountry "ENG"]
[SourceTitle "BritBase"]
[Source "John Saunders"]
[SourceDate "2022.11.28"]
[SourceVersion "1"]
[SourceVersionDate "2022.08.23"]
[SourceQuality "1"]

1. d4 Nf6 2. Nf3 e6 3. Bg5 d5 4. Nbd2 Be7 5. e3 b6 6. c3 Nbd7 7. Bd3 Bb7 8. Ne5
Nxe5 9. dxe5 Nd7 10. Bf4 h5 11. h3 c5 12. Nf3 g5 13. Bg3 Qc7 14. Qe2 O-O-O 15.
O-O-O g4 16. hxg4 hxg4 17. Nd2 Nxe5 18. Rxh8 Rxh8 19. Bxe5 Qxe5 20. Qxg4 f5 21.
Qg6 Bc6 22. Ba6+ Kb8 23. Nf3 Qf6 24. Qg3+ f4 25. exf4 Bd6 26. Ne5 Kc7 27. Bd3
Rh4 28. Ng6 Rxf4 29. f3 c4 30. Bc2 Rf5 31. Qh4 Qxg6 32. Bxf5 Qxf5 33. Rd4 Ba4
0-1

[Event "Midland Ch Forrest Cup"]
[Site "Derby"]
[Date "1995.03.25"]
[Round "2"]
[White "Dyce, Andrew"]
[Black "Southall, Andrew C"]
[Result "0-1"]
[WhiteElo "1960"]
[BlackElo "2216"]
[PlyCount "130"]
[EventDate "1995.03.24"]
[EventType "swiss"]
[EventRounds "6"]
[EventCountry "ENG"]
[SourceTitle "BritBase"]
[Source "John Saunders"]
[SourceDate "2022.11.28"]
[SourceVersion "1"]
[SourceVersionDate "2022.08.23"]
[SourceQuality "1"]

1. e4 e6 2. c4 d5 3. cxd5 exd5 4. exd5 Nf6 5. Bb5+ Bd7 6. Bc4 Bd6 7. Nc3 O-O 8.
d4 Bg4 9. f3 Bf5 10. Nge2 c6 11. dxc6 Nxc6 12. Kf2 h6 13. h4 Qd7 14. Be3 Rfe8
15. Qd2 Rad8 16. d5 Bb4 17. dxc6 Qxd2 18. Bxd2 Rxd2 19. g4 Bc8 $2 (19... Bxc3
20. bxc3 Be6 $17) 20. cxb7 $2 (20. g5 $16) 20... Bxb7 21. Rhd1 Rxb2 22. Na4 Rc2
23. Bb5 $2 (23. Rac1 Rxc1 24. Rxc1 Rc8 $15) 23... Bc6 24. Bxc6 Rxc6 $2 (24...
Rexe2+ $19) 25. Nd4 Ra6 26. a3 Bf8 27. Nc3 Rxa3 28. Ndb5 (28. Rxa3 Bxa3 29.
Ndb5 Bc5+ 30. Kg2 Rb8 $17) 28... Rb3 29. Kg3 a5 30. Nd5 $6 Rxb5 31. Nc7 Reb8
32. Nxb5 Rxb5 33. Rd8 g5 34. hxg5 hxg5 35. Ra8 Kg7 36. R8xa5 Bd6+ 37. Kh3 Rd5
38. Rxd5 Nxd5 39. Rd1 Nf4+ 40. Kh2 Be5 41. Kg1 Kf6 42. Kf2 Ke6 43. Ke3 Nd5+ 44.
Kf2 f6 45. Re1 Kd6 46. Rd1 Kc5 47. Rc1+ Kd4 48. Rd1+ Kc4 49. Rd2 Bd4+ 50. Kg3
Kc3 51. Re2 Kd3 52. Re4 Nc3 53. Re8 Ne2+ 54. Kg2 Kd2 55. Kf1 Nf4 56. Re4 Kd3
57. Re8 Be5 58. Kf2 Kd2 59. Ra8 Nd3+ 60. Kg2 Ke1 61. Ra2 Nf4+ 62. Kg3 Ng6+ 63.
Kh3 Kf1 64. Ra3 Nf4+ 65. Kh2 Nd3+ 0-1

[Event "Midland Ch Forrest Cup"]
[Site "Derby"]
[Date "1995.03.25"]
[Round "2"]
[White "Edwards, Simon R"]
[Black "Duncan, Christopher R"]
[Result "0-1"]
[WhiteElo "1856"]
[BlackElo "2248"]
[PlyCount "88"]
[EventDate "1995.03.24"]
[EventType "swiss"]
[EventRounds "6"]
[EventCountry "ENG"]
[SourceTitle "BritBase"]
[Source "John Saunders"]
[SourceDate "2022.11.28"]
[SourceVersion "1"]
[SourceVersionDate "2022.08.23"]
[SourceQuality "1"]

1. e4 c5 2. Nc3 Nc6 3. Nge2 g6 4. d4 cxd4 5. Nxd4 Bg7 6. Be3 Nf6 7. g3 d5 8.
Nxc6 bxc6 9. exd5 Nxd5 10. Nxd5 Qxd5 11. Qxd5 cxd5 12. Bb5+ Bd7 13. Bxd7+ Kxd7
14. Rd1 Kc6 15. c3 Rab8 16. Bc1 e5 17. O-O f5 18. Rfe1 Rhe8 19. b3 a5 20. Be3
Rbd8 21. Bg5 Rd7 22. Bd2 Bf6 23. c4 d4 24. Bxa5 Ra8 25. b4 e4 26. a3 d3 27. Kf1
Bb2 28. f3 Re8 29. fxe4 fxe4 30. Kf2 Kb7 31. b5 Bxa3 32. Bd2 Rd4 33. c5 Bxc5
34. Be3 Rc4 35. Bxc5 Rxc5 36. Ke3 Rxb5 37. Rf1 Rb2 38. Rf7+ Kc6 39. Rxh7 Re2+
40. Kd4 Rd8+ 41. Kc3 Rc2+ 42. Kb3 Rb8+ 43. Ka3 d2 44. Re7 Rc3+ 0-1